000 01397nam a2200373 a 4500
001 ebr10716890
003 CaPaEBR
006 m o u
007 cr cn|||||||||
008 130315s2013 vau sb 001 0 eng d
010 _z 2013002389
020 _z9781416615286 (pbk. : alk. paper)
020 _z9781416616269 (e-book)
040 _aCaPaEBR
_cCaPaEBR
035 _a(OCoLC)847527713
043 _an-us---
050 1 4 _aLB2805
_b.J15 2013eb
082 0 4 _a371.2
_223
100 1 _aJackson, Robyn Renee.
245 1 0 _aNever underestimate your teachers
_h[electronic resource] :
_binstructional leadership for excellence in every classroom /
_cRobyn R. Jackson.
260 _aAlexandria, Va. :
_bASCD,
_c2013.
300 _aviii, 174 p.
490 1 _aASCD member book
504 _aIncludes bibliographical references and index.
533 _aElectronic reproduction.
_bPalo Alto, Calif. :
_cebrary,
_d2013.
_nAvailable via World Wide Web.
_nAccess may be limited to ebrary affiliated libraries.
650 0 _aSchool management and organization.
650 0 _aEducational leadership.
650 0 _aTeaching.
650 0 _aLearning.
655 7 _aElectronic books.
_2local
710 2 _aebrary, Inc.
830 0 _aASCD member book.
856 4 0 _uhttp://site.ebrary.com/lib/rucke/Doc?id=10716890
_zAn electronic book accessible through the World Wide Web; click to view
999 _c40281
_d40281